Skills in Clinical Nursing / (Record no. 10853)
[ view plain ]
| 000 -LEADER | |
|---|---|
| fixed length control field | 02294cam a22004454a 4500 |
| 001 - CONTROL NUMBER | |
| control field | 15038427 |
| 005 - DATE AND TIME OF LATEST TRANSACTION | |
| control field | 20080903164557.0 |
| 008 - FIXED-LENGTH DATA ELEMENTS--GENERAL INFORMATION | |
| fixed length control field | 071005s2009 njua bf 001 0 eng |
| 010 ## - LIBRARY OF CONGRESS CONTROL NUMBER | |
| LC control number | 2007041544 |
| 016 7# - NATIONAL BIBLIOGRAPHIC AGENCY CONTROL NUMBER | |
| Record control number | 101318090 |
| Source | DNLM |
| 020 ## - INTERNATIONAL STANDARD BOOK NUMBER | |
| International Standard Book Number | 9780135128374 |
| 020 ## - INTERNATIONAL STANDARD BOOK NUMBER | |
| International Standard Book Number | 0135128374 |
| 035 ## - SYSTEM CONTROL NUMBER | |
| System control number | (OCoLC)174094348 |
| Canceled/invalid control number | (OCoLC)184828824 |
| 035 ## - SYSTEM CONTROL NUMBER | |
| System control number | (OCoLC)ocn174094348 |
| 040 ## - CATALOGING SOURCE | |
| Original cataloging agency | DNLM/DLC |
| Transcribing agency | DLC |
| Modifying agency | NLM |
| -- | BTCTA |
| -- | BAKER |
| -- | YDXCP |
| -- | C#P |
| -- | ULB |
| -- | CDX |
| -- | DLC |
| 042 ## - AUTHENTICATION CODE | |
| Authentication code | pcc |
| 050 10 - LIBRARY OF CONGRESS CALL NUMBER | |
| Classification number | RT41 |
| Item number | .K723 2009 |
| 060 00 - NATIONAL LIBRARY OF MEDICINE CALL NUMBER | |
| Classification number | 2008 J-569 |
| 060 10 - NATIONAL LIBRARY OF MEDICINE CALL NUMBER | |
| Classification number | WY 49 |
| Item number | B516s 2009 |
| 082 00 - DEWEY DECIMAL CLASSIFICATION NUMBER | |
| Classification number | 610.73 |
| Edition number | 22 |
| Item number | BER |
| 100 1# - MAIN ENTRY--PERSONAL NAME | |
| Personal name | Berman, Audrey. |
| 9 (RLIN) | 20715 |
| 245 10 - TITLE STATEMENT | |
| Title | Skills in Clinical Nursing / |
| Statement of responsibility, etc | Audrey Berman, Shirlee Synder, Christina Jackson. |
| 250 ## - EDITION STATEMENT | |
| Edition statement | 6th ed. |
| 260 ## - PUBLICATION, DISTRIBUTION, ETC. (IMPRINT) | |
| Place of publication, distribution, etc | Upper Saddle River, N.J. : |
| Name of publisher, distributor, etc | Pearson Prentice Hall, |
| Date of publication, distribution, etc | c2009. |
| 300 ## - PHYSICAL DESCRIPTION | |
| Extent | xvii, 877 p. : |
| Other physical details | ill. (chiefly col.) ; |
| Dimensions | 28 cm. + |
| Accompanying material | 1 CD-ROM (4 3/4 in.) |
| 500 ## - GENERAL NOTE | |
| General note | Rev. ed. of: Kozier & Erb's techniques in clinical nursing. 5th ed. 2002. |
| 504 ## - BIBLIOGRAPHY, ETC. NOTE | |
| Bibliography, etc | Includes bibliographical references and index. |
| 505 0# - FORMATTED CONTENTS NOTE | |
| Formatted contents note | Introduction -- Health assessment -- Assisting with client hygiene and comfort -- Mobility and safety -- Medication administration -- Nutrition and elimination -- Circulatory and ventilatory support -- Wounds and injury care. |
| 650 #0 - SUBJECT ADDED ENTRY--TOPICAL TERM | |
| Topical term or geographic name as entry element | Nursing |
| Form subdivision | Handbooks, manuals, etc. |
| 9 (RLIN) | 20716 |
| 650 12 - SUBJECT ADDED ENTRY--TOPICAL TERM | |
| Topical term or geographic name as entry element | Nursing Care |
| Form subdivision | Handbooks. |
| 9 (RLIN) | 20717 |
| 650 22 - SUBJECT ADDED ENTRY--TOPICAL TERM | |
| Topical term or geographic name as entry element | Nursing Process |
| Form subdivision | Handbooks. |
| 9 (RLIN) | 20718 |
| 700 1# - ADDED ENTRY--PERSONAL NAME | |
| Personal name | Synder, Shirlee. |
| 9 (RLIN) | 20719 |
| 700 1# - ADDED ENTRY--PERSONAL NAME | |
| Personal name | Jackson, Christina. |
| 9 (RLIN) | 20720 |
| 730 0# - ADDED ENTRY--UNIFORM TITLE | |
| Uniform title | Kozier & Erb's techniques in clinical nursing. |
| 9 (RLIN) | 20721 |
| 942 ## - ADDED ENTRY ELEMENTS (KOHA) | |
| Source of classification or shelving scheme | Dewey Decimal Classification |
| Item type | Book - Borrowing |
| Withdrawn status | Item status | Source of classification or shelving scheme | Materials specified (bound volume or other part) | Damaged status | Not for loan | Vendor | Home library | Current library | Shelving location | Date acquired | Cost, normal purchase price | Serial Enumeration / chronology | Total Checkouts | Total Renewals | Full call number | Barcode | Date last seen | Date last borrowed | Koha item type | Source of acquisition |
|---|---|---|---|---|---|---|---|---|---|---|---|---|---|---|---|---|---|---|---|---|
| Dewey Decimal Classification | BOX07 | Damaged | Baccah | Central Library | Central Library | First floor | 17/02/2009 | 224.00 | 6996 | 38 | 55 | 610.73 BER | 000014637 | 18/08/2021 | 17/02/2016 | Book - Borrowing | ||||
| Dewey Decimal Classification | Baccah | Central Library | Central Library | First floor | 17/02/2009 | 224.00 | 6996 | 25 | 610.73 BER | 000014636 | 15/07/2025 | 28/03/2013 | NB - Book (Non borrowing) | |||||||
| Dewey Decimal Classification | Baccah | Central Library | Central Library | First floor | 24/02/2010 | 9 | 610.73 BER | 000022306 | 24/08/2022 | 07/03/2012 | CD | DVD - With book |